000 00361nam a2200145Ia 4500
008 231129s1998||||xx |||||||||||||| ||spa||
020 _a84-305-8784-5
040 _bspa
082 _a793.33 B751q
100 _aBottomer Paul
245 0 _aQuickstep
260 _c1998
264 _aSusaeta Ediciones
942 _2ddc
_cBKS
999 _c23626
_d23626